Cẩm nang sử dụng các dịch vụ internet; T2

Gespeichert in:
Bibliographische Detailangaben
1. Verfasser: Nguyễn, Đức Toàn
Format: Buch
Sprache:Undetermined
Veröffentlicht: Hà Nội Thống kê 2002
Schlagworte:
Tags: Tag hinzufügen
Keine Tags, Fügen Sie den ersten Tag hinzu!
Thư viện lưu trữ: Trung tâm Học liệu Trường Đại học Cần Thơ
LEADER 00593nam a2200193Ia 4500
001 CTU_63372
008 210402s9999 xx 000 0 und d
020 |b 60000 
082 |a 004.678 
082 |b T406/T.2 
100 |a Nguyễn, Đức Toàn 
245 0 |a Cẩm nang sử dụng các dịch vụ internet; T2 
245 0 |c Nguyễn Đức Toàn, Nguyễn Hùng 
260 |a Hà Nội 
260 |b Thống kê 
260 |c 2002 
650 |a Computer network resourses 
904 |i Trúc Phương 
980 |a Trung tâm Học liệu Trường Đại học Cần Thơ